000 00819 a2200217 4500
008 080820t xxu||||| |||| 00| 0 eng d
010 _aENG-84935
020 _a8175243002
_c150.00
035 _aEN-68468
037 _bD.B.Act / Pub
082 _a796.32
100 _aSharma, N. P.
245 _aPlay and learn netball
_cby N. P. Sharma
246 _aNetball
260 _aNew Delhi
_bKhel Sahitya Kendra
_c2005
270 _a7/26, Ansari Road, Darya Ganj,
_bNew Delhi
_cDelhi
_e110002
_l55190343
_mkhelsahitya1@rediffmail.com
300 _a130 p.
_c21 cm (Hb)
650 _aNetball
_xplay
942 _adpl
_cEN
_k796.32 / SHA
_2ddc
_h796.32
_m SHA
999 _c769
_d769